Statistics for Liverpool Quiz 2022

Click here to take the quiz!

General Stats

  • This quiz has been taken 17 times
  • The average score is 12 of 15

Answer Stats

QuestionAnswer% Correct
Liverpool scored 89 Premier League goals in the 2018/19 season, but who scored the very first in a 4-0 West Ham win to kick start a successful season?Mo Salah
100%
Which African cup of nations winner was sent off against Liverpool a year before joining?Sadio Mane
100%
Which current Liverpool player has featured the most under Jurgen Klopp?Roberto Firmino
93%
Who was Kenny Dalglish's first signing after returning to the club in 2011 for £35 million?Andy Carroll
86%
Mo Salah's first Liverpool goal was against which club nicknamed "The hornets"?Watford
86%
Liverpool knocked out Manchester City in the 2017/18 Champions league, but what was the score on aggregate?5-1
79%
Liverpool spent big in the summer of 2014, but who was signed for £16 million from AC Milan whom aimed to replace Club Legend Luis Suarez?Mario Balotelli
79%
Who did Divock Origi join on loan in the 2017/18 season?Wolfsburg
79%
What is Liverpool's lowest Premier League finish?8th
71%
Who replaced Kenny Dalglish as Liverpool Manager in 1991, Winning the Fa cup after previous success as a player?Graeme Souness
71%
Liverpool ended a 21 year wait for the European cup in 2005 against AC Milan, but who did they play in the previous final to win their 4th cup?Roma
71%
What was the score in Brendan Rodgers' first premier league game, away at Steve Clarke's West Brom away from home?3-0
64%
Who is Liverpool's Youngest ever goalscorer after scoring in the EFL Cup vs Leeds in November 2016?Ben Woodburn
64%
Who was the opponent for Steven Gerrard's last game at Anfield?Crystal Palace
64%
Cult hero Jamie Carragher didn't score many goals, but how many appearances did he rack up between 1997 and 2013?737
50%

Score Distribution

Percentile by Number Answered

Percent of People with Each Score

Your Score History

You have not taken this quiz